Owen Wilson Movies - Statistics

General Stats
  • This quiz has been taken 59 times
    13 since last reset
  • The average score is 17 of 65
Answer Stats
Year Movie % Correct
2008 Marley and Me
89%
2006 Cars
67%
2011 Cars 2
67%
2000 Meet the Parents
67%
2001 Zoolander
67%
2017 Cars 3
56%
2000 Shanghai Noon
56%
2005 Wedding Crashers
56%
2016 Zoolander 2
56%
1996 Bottle Rocket
44%
2009 Fantastic Mr. Fox
44%
2022 Marry Me
44%
2006 Night at the Museum
44%
2021 The French Dispatch
44%
2013 The Internship
44%
2006 You, Me and Dupree
44%
2017 Father Figures
33%
2011 Hall Pass
33%
1998 Rushmore
33%
2003 Shanghai Knights
33%
2004 Starsky and Hutch
33%
2007 The Darjeeling Limited
33%
2014 The Grand Budapest Hotel
33%
2004 The Life Aquatic with Steve Zissou
33%
2001 The Royal Tenenbaums
33%
2017 Wonder
33%
1997 Anaconda
22%
1998 Armageddon
22%
2004 Around the World in 80 Days
22%
2021 Bliss
22%
2008 Drillbit Taylor
22%
2013 Free Birds
22%
2023 Haunted Mansion
22%
2002 I Spy
22%
2017 Lost in London
22%
2010 Marmaduke
22%
2016 Masterminds
22%
2011 Midnight in Paris
22%
2009 Night at the Museum: Battle of the Smithsonian
22%
2014 Night at the Museum: Secret of the Tomb
22%
2015 No Escape
22%
1996 The Cable Guy
22%
1999 The Minus Man
22%
2013 Are You Here
11%
2001 Behind Enemy Lines
11%
1999 Breakfast of Champions
11%
2010 How Do You Know
11%
2014 Inherent Vice
11%
2023 Paint
11%
1998 Permanent Midnight
11%
2022 Secret Headquarters
11%
2004 The Big Bounce
11%
2011 The Big Year
11%
1999 The Haunting
11%
2014 The Hero of Color City
11%
2005 The Wendell Baker Story
11%
2023 Ant-Man and the Wasp: Quantumania
0%
1997 As Good as it Gets
0%
2026 Charlie the WonderDog
0%
1999 Heat Vision and Jack
0%
2025 Rolling Loud
0%
2026 Runner
0%
2014 She's Funny That Way
0%
2006 The Night of the White Pants
0%
2016 Zoolander: Super Model
0%
No matching quizzes found
Score Distribution
Percent of People with Each Score
Percentile by Number Answered
Your Score History
You have not taken this quiz since the last reset